[Event "OLSW 1718 SG Turm Illingen - SG Trier"]
[Site "?"]
[Date "2017.12.10"]
[Round "6.2"]
[White "Giese, Tilman"]
[Black "Dany, Alexander"]
[Result "0-1"]
[WhiteElo "2033"]
[BlackElo "2104"]
[PlyCount "90"]
[EventDate "2017.??.??"]

1. Nf3 c5 2. g3 Nc6 3. e4 g6 4. Bg2 Bg7 5. O-O e6 6. c3 d5 7. exd5 exd5 8. d4
cxd4 9. Nxd4 Nxd4 10. cxd4 Ne7 11. Nc3 O-O 12. Bg5 f6 13. Bf4 Be6 14. Re1 Qd7
15. Qe2 Kf7 16. Nb5 Nc6 17. Rad1 Bg4 18. f3 Bh3 19. Nc7 Bxg2 20. Nxa8 Bh3 21.
Nc7 g5 22. g4 gxf4 23. Qe6+ Qxe6 24. Nxe6 h5 25. Nxf8 Kxf8 26. gxh5 Bd7 27. Re2
Be8 28. h6 Bxh6 29. Re6 Bg7 30. Rd6 Bf7 31. Rd7 f5 32. Rxb7 Bxd4+ 33. Kg2 Be3
34. b4 d4 35. b5 Ne5 36. Rxa7 Bd5 37. Rb1 Bxf3+ 38. Kf1 d3 39. b6 d2 40. Rh7
Bxb6 41. Rh6 Be3 42. Rf6+ Kg7 43. Rxf5 Be4 44. Rxe5 Bd3+ 45. Kg2 Bxb1 0-1

[Event "OLSW 1718 SG Turm Illingen - SG Trier"]
[Site "?"]
[Date "2017.12.10"]
[Round "6.3"]
[White "Carafizi, Vasile"]
[Black "Biehler, Thomas"]
[Result "1-0"]
[WhiteElo "2189"]
[BlackElo "2222"]
[PlyCount "71"]
[EventDate "2017.??.??"]

1. d4 Nf6 2. Bf4 d5 3. e3 e6 4. Nf3 a6 5. Bd3 c5 6. c3 Nc6 7. Nbd2 Bd6 8. Bg3
Bxg3 9. hxg3 Qd6 10. Qe2 h6 11. Rd1 Bd7 12. e4 dxe4 13. Nxe4 Nxe4 14. Bxe4 Qe7
15. dxc5 Qxc5 16. Qd2 O-O-O 17. b4 Qe7 18. O-O Na7 19. Qe3 Bc6 20. Nd4 Bxe4 21.
Qxe4 Qc7 22. a4 Kb8 23. b5 axb5 24. axb5 Rd5 25. c4 Rc5 26. Rb1 Nc8 27. Qe3 Qe5
28. Nc6+ bxc6 29. bxc6+ Kc7 30. Rb7+ Kd8 31. Qd3+ Nd6 32. Rd7+ Kc8 33. Rxd6 Kc7
34. Rd1 Rxc6 35. Rxc6+ Kxc6 36. Qd7+ 1-0

[Event "OLSW 1718 SG Turm Illingen - SG Trier"]
[Site "?"]
[Date "2017.12.10"]
[Round "6.4"]
[White "Kessler, Alexander"]
[Black "Hein, Ralf"]
[Result "1/2-1/2"]
[WhiteElo "1832"]
[BlackElo "1926"]
[PlyCount "34"]
[EventDate "2017.??.??"]

1. d4 Nf6 2. Bf4 c5 3. dxc5 Na6 4. e3 Nxc5 5. Nd2 d5 6. Ngf3 Qb6 7. Rb1 g6 8.
Be5 Bg7 9. Be2 O-O 10. O-O Bg4 11. h3 Bxf3 12. Nxf3 Ncd7 13. Bxf6 Nxf6 14. c4
Rfd8 15. cxd5 Nxd5 16. Qa4 Qb4 17. Qxb4 Nxb4 1/2-1/2

[Event "OLSW 1718 SG Turm Illingen - SG Trier"]
[Site "?"]
[Date "2017.12.10"]
[Round "6.5"]
[White "Magar, Johannes"]
[Black "Schumacher, Christoph"]
[Result "1/2-1/2"]
[WhiteElo "2075"]
[BlackElo "2175"]
[PlyCount "38"]
[EventDate "2017.??.??"]

1. e4 Nf6 2. e5 Nd5 3. d4 d6 4. c4 Nb6 5. exd6 exd6 6. Bd3 Nc6 7. Ne2 Be7 8.
Nbc3 Bf6 9. Be3 Bg4 10. f3 Bh5 11. O-O O-O 12. Ne4 Nb4 13. Nxf6+ Qxf6 14. Nf4
Nxd3 15. Qxd3 Bg6 16. Nxg6 Qxg6 17. Qxg6 hxg6 18. b3 Rfe8 19. Rfe1 f6 1/2-1/2

[Event "OLSW 1718 SG Turm Illingen - SG Trier"]
[Site "?"]
[Date "2017.12.10"]
[Round "6.8"]
[White "Siebert, Viktor"]
[Black "Roj, Michaela"]
[Result "1-0"]
[WhiteElo "2069"]
[BlackElo "1881"]
[PlyCount "73"]
[EventDate "2017.??.??"]

1. e4 e5 2. Nf3 Nc6 3. Bb5 a6 4. Ba4 Nf6 5. O-O Nxe4 6. Re1 b5 7. Bb3 d5 8. d3
Nf6 9. Nxe5 Nxe5 10. Rxe5+ Be6 11. Bg5 Be7 12. Nd2 O-O 13. Nf1 c5 14. c3 c4 15.
Bc2 Qc7 16. d4 Rfd8 17. Qe2 Ra7 18. Re1 h6 19. Bh4 Bd6 20. Bxf6 gxf6 21. Rh5
Kg7 22. g3 Raa8 23. Qd2 Rh8 24. Ne3 Rag8 25. Nxd5 Bxd5 26. Rxd5 h5 27. Qe2 h4
28. Rh5 hxg3 29. hxg3 Rxh5 30. Qxh5 Rh8 31. Qg4+ Kf8 32. Qf3 Be7 33. Bf5 Qd6
34. Kg2 Qc7 35. Qa8+ Kg7 36. Qe4 a5 37. Qxe7 1-0

[Event "OLSW 1718 SVG Saarbrücken - SC Caissa S"]
[Site "?"]
[Date "2017.12.10"]
[Round "6.1"]
[White "Frischmann, Rick"]
[Black "Mohammad, Samir"]
[Result "0-1"]
[WhiteElo "2354"]
[BlackElo "2331"]
[PlyCount "86"]
[EventDate "2017.??.??"]

1. e4 e5 2. Nf3 Nf6 3. d4 Nxe4 4. Bd3 d5 5. Nxe5 Nd7 6. Nxd7 Bxd7 7. O-O Bd6 8.
c4 c6 9. cxd5 cxd5 10. Nc3 Nxc3 11. bxc3 O-O 12. Qh5 g6 13. Qxd5 Qc7 14. h3 Be6
15. Qf3 Qxc3 16. Bh6 Rfd8 17. Bg5 Re8 18. Bf6 Bf5 19. Rad1 Bxd3 20. Rxd3 Qc2
21. a3 Qe2 22. g4 Rac8 23. Rb1 b6 24. Kg2 h6 25. Rbb3 Rc2 26. h4 Re4 27. Qxe2
Rexe2 28. Rf3 Kf8 29. h5 g5 30. a4 Ra2 31. Rbc3 Rec2 32. a5 bxa5 33. Rxc2 Rxc2
34. Rf5 Bc7 35. Rc5 Rxc5 36. dxc5 a4 37. Kf3 a3 38. Ke4 Bf4 39. Kd3 Bc1 40. Kc2
Bb2 41. c6 Bxf6 42. c7 a2 43. c8=Q+ Kg7 0-1

[Event "OLSW 1718 SVG Saarbrücken - SC Caissa S"]
[Site "?"]
[Date "2017.12.10"]
[Round "6.2"]
[White "Philippe, Christophe"]
[Black "Fries, Frederik"]
[Result "1-0"]
[WhiteElo "2382"]
[BlackElo "2293"]
[PlyCount "77"]
[EventDate "2017.??.??"]

1. d4 d5 2. Nf3 c6 3. Bf4 Bf5 4. e3 e6 5. Bd3 Bxd3 6. cxd3 Nf6 7. O-O Be7 8.
Nc3 Nbd7 9. Ne5 O-O 10. Bg5 Ne8 11. Bxe7 Qxe7 12. Qb3 Nd6 13. a4 a5 14. f4 f6
15. Nxd7 Qxd7 16. e4 dxe4 17. dxe4 f5 18. d5 exd5 19. exd5 c5 20. Rae1 Rae8 21.
Re5 Nf7 22. Rfe1 Nxe5 23. fxe5 f4 24. e6 Qd8 25. Ne4 Qh4 26. Rf1 Qg4 27. Qf3
Qg6 28. h3 b6 29. Kh1 h6 30. b3 Kh7 31. Re1 Re7 32. Nd2 Rf5 33. Qe4 Rf6 34. Nc4
Qxe4 35. Rxe4 Kg6 36. Kg1 Kf5 37. Re5+ Kg6 38. Kf2 Rb7 39. e7 1-0

[Event "OLSW 1718 SVG Saarbrücken - SC Caissa S"]
[Site "?"]
[Date "2017.12.10"]
[Round "6.3"]
[White "Wild, Achim"]
[Black "Bastian, Herbert"]
[Result "0-1"]
[WhiteElo "2236"]
[BlackElo "2306"]
[PlyCount "98"]
[EventDate "2017.??.??"]

1. Nf3 Nf6 2. c4 c5 3. d4 cxd4 4. Nxd4 Nc6 5. Nc3 g6 6. e4 Nxd4 7. Qxd4 d6 8.
Be3 Bg7 9. f3 O-O 10. Qd2 Bd7 11. Rc1 a5 12. b3 Bc6 13. Be2 Nd7 14. O-O Nc5 15.
Rc2 b6 16. Nb5 Rb8 17. Rb1 f5 18. exf5 gxf5 19. Rd1 Rf7 20. Bd4 Ne6 21. Bxg7
Rxg7 22. Nd4 Nxd4 23. Qxd4 Qc7 24. Kh1 Rf8 25. Bf1 Rf6 26. Re2 e5 27. Qf2 Rh6
28. Red2 Rg5 29. a3 e4 30. f4 Rgh5 31. Qg3+ Kf8 32. h3 e3 33. Rd5 Bxd5 34. Rxd5
Qe7 35. Be2 Rg6 36. Qf3 Rhh6 37. Rxf5+ Rf6 38. Rb5 d5 39. cxd5 Rh4 40. f5 Qe4
41. Qxe4 Rxe4 42. g4 Rf4 43. Kg1 Rf2 44. Bc4 h5 45. a4 hxg4 46. hxg4 Rh6 47. g5
Rh5 48. Rxb6 Rxg5+ 49. Kh1 e2 0-1

[Event "OLSW 1718 SVG Saarbrücken - SC Caissa S"]
[Site "?"]
[Date "2017.12.10"]
[Round "6.4"]
[White "Paci, Cedric"]
[Black "Czybik, Nils-Patrick"]
[Result "1-0"]
[WhiteElo "2284"]
[BlackElo "2165"]
[PlyCount "81"]
[EventDate "2017.??.??"]

1. d4 e6 2. Nf3 Nf6 3. c4 b6 4. g3 c6 5. Bg2 d5 6. O-O Be7 7. Qc2 O-O 8. b3 Bb7
9. Rd1 Na6 10. Nc3 Rc8 11. e4 dxe4 12. Nxe4 c5 13. Nxf6+ Bxf6 14. Ng5 Bxg5 15.
dxc5 Nb4 16. Qe2 Qf6 17. Bxb7 Bxc1 18. Raxc1 Rc7 19. Bg2 bxc5 20. Rd6 Rfc8 21.
Rcd1 g6 22. Qd2 Kg7 23. h3 h5 24. Rd7 Qe5 25. a3 Rxd7 26. Qxd7 Rc7 27. Qd2 Nc6
28. b4 cxb4 29. axb4 Rc8 30. Rb1 Rd8 31. Qe3 Qxe3 32. fxe3 Ne5 33. c5 Kf6 34.
b5 Ke7 35. Bb7 Kd7 36. Ra1 Kc7 37. Rxa7 Rd1+ 38. Kg2 Rd2+ 39. Kf1 Rc2 40. Be4+
Kb8 41. Ra8+ 1-0

[Event "OLSW 1718 SVG Saarbrücken - SC Caissa S"]
[Site "?"]
[Date "2017.12.10"]
[Round "6.5"]
[White "Holle, Cedric"]
[Black "Le Corre, Benjamin"]
[Result "0-1"]
[WhiteElo "2084"]
[BlackElo "2286"]
[PlyCount "62"]
[EventDate "2017.??.??"]

1. e4 c5 2. Nf3 Nc6 3. d4 cxd4 4. Nxd4 e5 5. Nb5 d6 6. N1c3 a6 7. Na3 Be7 8.
Be3 Nf6 9. Nc4 b5 10. Nb6 Rb8 11. Nxc8 Qxc8 12. f3 O-O 13. a4 Nb4 14. axb5 axb5
15. Ra5 d5 16. exd5 Rd8 17. Rxb5 Rxb5 18. Bxb5 Nfxd5 19. Nxd5 Nxd5 20. Bd2 Nf4
21. g3 Ne6 22. Bd3 Bc5 23. Qe2 Nd4 24. Qe4 f5 25. Bc4+ Kh8 26. Qd3 e4 27. fxe4
fxe4 28. Qxe4 Re8 29. Qxe8+ Qxe8+ 30. Kd1 Qe4 31. Re1 Qxc2# 0-1

[Event "OLSW 1718 SVG Saarbrücken - SC Caissa S"]
[Site "?"]
[Date "2017.12.10"]
[Round "6.6"]
[White "Spielmann, Alain"]
[Black "Oberhofer, Andre"]
[Result "0-1"]
[WhiteElo "2188"]
[BlackElo "2283"]
[PlyCount "70"]
[EventDate "2017.??.??"]

1. d4 Nf6 2. Nf3 e6 3. Bg5 c5 4. e3 Be7 5. Bd3 b6 6. O-O Bb7 7. c4 cxd4 8. exd4
O-O 9. Nc3 d5 10. Bxf6 Bxf6 11. cxd5 exd5 12. Qa4 Nc6 13. Rfe1 Qd6 14. Re3 Rfe8
15. Nb5 Qb4 16. Qxb4 Nxb4 17. Rxe8+ Rxe8 18. Nd6 Re6 19. Nxb7 Nxd3 20. Kf1 Kf8
21. b3 Ke7 22. Rd1 Nb4 23. a3 Nc6 24. b4 Kd7 25. b5 Ne7 26. g4 g5 27. Rc1 Re4
28. h3 h6 29. a4 Bxd4 30. a5 Bf6 31. a6 Rb4 32. Re1 Rxb5 33. Ne5+ Bxe5 34. Rxe5
Rb1+ 35. Kg2 Ra1 0-1

[Event "OLSW 1718 SVG Saarbrücken - SC Caissa S"]
[Site "?"]
[Date "2017.12.10"]
[Round "6.7"]
[White "Tabatt, Hendrik"]
[Black "Mueller, Denis"]
[Result "0-1"]
[WhiteElo "2316"]
[BlackElo "2165"]
[PlyCount "44"]
[EventDate "2017.??.??"]

1. e4 c5 2. g3 Nc6 3. Bg2 g6 4. Ne2 Bg7 5. O-O d6 6. c3 e5 7. Na3 Nge7 8. d3 d5
9. exd5 Nxd5 10. Qb3 Nc7 11. Be3 Qe7 12. Qc4 Ne6 13. b4 cxb4 14. Bxc6+ bxc6 15.
Qxc6+ Qd7 16. Qxa8 O-O 17. Qxa7 Qxd3 18. Nc1 Qxc3 19. Nb5 Qc6 20. Qb6 Qf3 21.
Nd6 Bd7 22. Ne4 Nf4 0-1

[Event "OLSW 1718 SVG Saarbrücken - SC Caissa S"]
[Site "?"]
[Date "2017.12.10"]
[Round "6.8"]
[White "Busche, Stefan"]
[Black "Grewenig, Jan"]
[Result "0-1"]
[WhiteElo "2034"]
[BlackElo "2111"]
[PlyCount "96"]
[EventDate "2017.??.??"]

1. e4 c5 2. Nf3 d6 3. d4 cxd4 4. Nxd4 Nf6 5. Nc3 a6 6. Be2 e6 7. O-O Be7 8. Be3
O-O 9. f4 Nc6 10. Qe1 Qc7 11. Qg3 Re8 12. Kh1 Bd7 13. Rae1 b5 14. a3 Rab8 15.
Bd3 b4 16. Nxc6 Bxc6 17. axb4 Rxb4 18. Bd2 Rxb2 19. e5 Nh5 20. Qg4 g6 21. f5
Bf8 22. fxg6 hxg6 23. Ne4 dxe5 24. Nf6+ Nxf6 25. Rxf6 e4 26. Bc3 Rb7 27. Bxa6
Ra7 28. Bc4 Ba4 29. Bxe6 Rxe6 30. Rxe6 Qxc3 31. R6xe4 Bxc2 32. Re8 Ra1 33. Qe2
Rxe1+ 34. Qxe1 Qc5 35. Re5 Qc7 36. Re8 Ba4 37. Re2 Bd6 38. h3 Bg3 39. Qa1 Bc6
40. Rc2 Qd7 41. Kg1 Be5 42. Qc1 Bb7 43. Qd2 Bd4+ 44. Kh2 Be4 45. Ra2 Qc7+ 46.
Kh1 Qc4 47. Qa5 Qc1+ 48. Kh2 Bg1+ 0-1

[Event "OLSW 1718 SC Remagen-Sinzig - SK Landau"]
[Site "?"]
[Date "2017.12.10"]
[Round "6.1"]
[White "Lang, Torsten"]
[Black "Chatalbashev, Boris"]
[Result "0-1"]
[WhiteElo "2333"]
[BlackElo "2570"]
[PlyCount "52"]
[EventDate "2017.??.??"]

1. d4 Nf6 2. Nf3 c5 3. d5 g6 4. Nc3 Bg7 5. g3 O-O 6. Bg2 d6 7. O-O Bg4 8. Nd2
Qd7 9. a4 Na6 10. Nc4 Nb4 11. Bf4 Bh3 12. e4 Bxg2 13. Kxg2 Nh5 14. Be3 f5 15.
f4 fxe4 16. g4 Nf6 17. h3 e6 18. dxe6 Qxe6 19. Nxd6 Nfd5 20. Nxd5 Nxd5 21. Nc4
Nxf4+ 22. Rxf4 Rxf4 23. Bxf4 Qxc4 24. Qd2 Bxb2 25. Rf1 Rf8 26. Qd6 g5 0-1

[Event "OLSW 1718 SC Remagen-Sinzig - SK Landau"]
[Site "?"]
[Date "2017.12.10"]
[Round "6.2"]
[White "Dgebuadze, Alexandre"]
[Black "Baerwinkel, Tobias"]
[Result "1-0"]
[WhiteElo "2521"]
[BlackElo "2360"]
[PlyCount "91"]
[EventDate "2017.??.??"]

1. e4 c5 2. Nc3 d6 3. Nge2 Nf6 4. g3 Nc6 5. Bg2 g6 6. d3 Bg7 7. h3 O-O 8. Be3
Rb8 9. f4 Nd7 10. O-O b5 11. e5 Bb7 12. exd6 exd6 13. Nxb5 Qe7 14. Bf2 Ba8 15.
Nc7 Bb7 16. Nd5 Qd8 17. c3 Re8 18. Qd2 Nb6 19. Nxb6 Qxb6 20. Rae1 Ne7 21. Bxb7
Qxb7 22. b3 h5 23. Kh2 Nf5 24. Ng1 Qc6 25. Rxe8+ Rxe8 26. Re1 Rxe1 27. Qxe1 Bh6
28. Qe4 d5 29. Qf3 Qa6 30. g4 hxg4 31. hxg4 d4 32. gxf5 dxc3 33. fxg6 fxg6 34.
Ne2 c2 35. Nc1 Qf6 36. Kg3 Bf8 37. Qd5+ Kh7 38. Bxc5 Qc3 39. Qh1+ Kg8 40. Bxf8
Kxf8 41. Qa8+ Ke7 42. Qxa7+ Kd6 43. Qe3 Kc6 44. a4 Kb7 45. Kf2 Qf6 46. Ke2 1-0

[Event "OLSW 1718 SC Remagen-Sinzig - SK Landau"]
[Site "?"]
[Date "2017.12.10"]
[Round "6.3"]
[White "Muranyi, Karl-Jasmin"]
[Black "Popovic, Petar"]
[Result "1/2-1/2"]
[WhiteElo "2336"]
[BlackElo "2453"]
[PlyCount "33"]
[EventDate "2017.??.??"]

1. c4 Nf6 2. Nc3 g6 3. g3 Bg7 4. Bg2 O-O 5. b3 e5 6. Bb2 Re8 7. e3 c6 8. Nge2
d5 9. cxd5 cxd5 10. d4 e4 11. O-O Nc6 12. a4 Bf5 13. Ba3 Qd7 14. b4 Bh3 15. a5
Bxg2 16. Kxg2 b6 17. Qa4 1/2-1/2

[Event "OLSW 1718 SC Remagen-Sinzig - SK Landau"]
[Site "?"]
[Date "2017.12.10"]
[Round "6.4"]
[White "Polaczek, Richard"]
[Black "Silber, Henning"]
[Result "1/2-1/2"]
[WhiteElo "2402"]
[BlackElo "2314"]
[PlyCount "87"]
[EventDate "2017.??.??"]

1. e4 e5 2. Nf3 Nc6 3. Bb5 a6 4. Ba4 Nf6 5. O-O Be7 6. Re1 b5 7. Bb3 d6 8. c3
O-O 9. h3 Na5 10. Bc2 c5 11. d4 Qc7 12. d5 c4 13. b4 cxb3 14. axb3 Bd7 15. Bd2
Rfc8 16. Qc1 Nb7 17. b4 a5 18. Bd3 Ne8 19. Qb2 axb4 20. cxb4 Nd8 21. Nc3 Qb7
22. Be3 Nc7 23. Nd2 h6 24. Nb3 Bg5 25. Na5 Qb8 26. Qd2 Bxe3 27. Qxe3 Na6 28.
Na2 Qa7 29. Rec1 Qxe3 30. fxe3 Kf8 31. Rxc8 Rxc8 32. Kf2 Ke8 33. Ke2 g6 34. Kd2
Ke7 35. Rb1 f5 36. Nc3 Rb8 37. Nc6+ Nxc6 38. dxc6 Bxc6 39. exf5 gxf5 40. Bxf5
d5 41. g4 Nc7 42. Rg1 Rf8 43. Ra1 Kd6 44. Ra5 1/2-1/2

[Event "OLSW 1718 SC Remagen-Sinzig - SK Landau"]
[Site "?"]
[Date "2017.12.10"]
[Round "6.5"]
[White "Vogel, Johannes"]
[Black "Alienkin, Aleksander"]
[Result "1/2-1/2"]
[WhiteElo "2132"]
[BlackElo "2395"]
[PlyCount "80"]
[EventDate "2017.??.??"]

1. e4 c5 2. Nf3 d6 3. d4 cxd4 4. Nxd4 Nf6 5. Nc3 Nc6 6. Be2 e6 7. Be3 Be7 8.
Qd2 a6 9. O-O-O Qc7 10. Kb1 Bd7 11. f4 Nxd4 12. Bxd4 Bc6 13. Bf3 b5 14. Bxf6
gxf6 15. f5 O-O-O 16. Qd4 Rhg8 17. Rhe1 Bd7 18. Rd3 Kb8 19. a4 Rc8 20. axb5
axb5 21. Nxb5 Bxb5 22. Rb3 Qxc2+ 23. Ka2 Rc5 24. Qa4 Kc7 25. Qa7+ Kc6 26. Be2
Rc4 27. Bxc4 Qxc4 28. Ree3 d5 29. exd5+ Qxd5 30. Rec3+ Bc5 31. Kb1 Qxf5+ 32.
Ka1 Qf1+ 33. Ka2 Bc4 34. Qa4+ Kd5 35. Qd7+ Ke5 36. Qc7+ Ke4 37. Qc6+ Kd4 38.
Qd7+ Ke5 39. Qc7+ Kd4 40. Qd7+ Ke5 1/2-1/2

[Event "OLSW 1718 SC Remagen-Sinzig - SK Landau"]
[Site "?"]
[Date "2017.12.10"]
[Round "6.6"]
[White "Huhndorf, Arnold"]
[Black "Lang, Matthias"]
[Result "1-0"]
[WhiteElo "2252"]
[BlackElo "2159"]
[PlyCount "83"]
[EventDate "2017.??.??"]

1. d4 f5 2. Nf3 Nf6 3. g3 g6 4. Bg2 Bg7 5. O-O O-O 6. c4 d6 7. Nc3 Qe8 8. Re1
h6 9. e4 fxe4 10. Nxe4 Nxe4 11. Rxe4 Qf7 12. Qe2 Nc6 13. d5 Ne5 14. Nxe5 dxe5
15. Bd2 Bf5 16. Re3 e4 17. Rf1 Bd4 18. Rb3 g5 19. Bxe4 e5 20. Rxb7 Qd7 21. Bb4
Bg4 22. Qc2 Rf6 23. Bc3 Bh3 24. Bg2 Bxg2 25. Kxg2 Bxc3 26. Qxc3 Qe7 27. Qb4 Qf7
28. Rb8+ Rxb8 29. Qxb8+ Kg7 30. Qxa7 Rf3 31. d6 cxd6 32. Qxf7+ Rxf7 33. Rd1 Rb7
34. b3 Rb6 35. Rd5 Kf6 36. Kf3 Kf5 37. Rb5 g4+ 38. Ke3 Ra6 39. a4 Ra8 40. a5
Ke6 41. b4 Rf8 42. a6 1-0

[Event "OLSW 1718 SC Remagen-Sinzig - SK Landau"]
[Site "?"]
[Date "2017.12.10"]
[Round "6.7"]
[White "Moeldner, Juergen"]
[Black "Thoennes, Frank"]
[Result "1-0"]
[WhiteElo "2213"]
[BlackElo "2049"]
[PlyCount "71"]
[EventDate "2017.??.??"]

1. e4 e6 2. d4 d5 3. Nd2 dxe4 4. Nxe4 Nd7 5. Nf3 Ngf6 6. Bd3 Nxe4 7. Bxe4 Nf6
8. Bd3 Be7 9. O-O O-O 10. Qe2 b6 11. Rd1 Bb7 12. c4 Qe8 13. Bg5 Rd8 14. Bc2 Kh8
15. Rd3 Ng8 16. Bd2 Bf6 17. Ne5 Bxe5 18. Qxe5 Qc6 19. Rg3 f6 20. Qh5 f5 21. Qg5
Rd7 22. b3 Rf6 23. Qf4 Ne7 24. Bc3 Ng6 25. Qg5 h6 26. Qh5 Nf4 27. Qe8+ Kh7 28.
Re1 Rff7 29. d5 exd5 30. Qe5 Nh3+ 31. Kf1 Rde7 32. Qxe7 Rxe7 33. Rxe7 Kg8 34.
Rexg7+ Kf8 35. Bb4+ Ke8 36. Re3+ 1-0

[Event "OLSW 1718 SC Remagen-Sinzig - SK Landau"]
[Site "?"]
[Date "2017.12.10"]
[Round "6.8"]
[White "Busch, Raimund"]
[Black "Koehler, Patrick"]
[Result "1/2-1/2"]
[WhiteElo "2267"]
[BlackElo "2113"]
[PlyCount "56"]
[EventDate "2017.??.??"]

1. Nf3 g6 2. e4 Bg7 3. d4 d6 4. Be2 a6 5. O-O b5 6. c4 Bb7 7. Qc2 Qd7 8. cxb5
axb5 9. a4 bxa4 10. Nc3 Nf6 11. e5 Nd5 12. Bb5 c6 13. Nxd5 Ra5 14. e6 fxe6 15.
Nb6 Qc7 16. Bd3 Qxb6 17. Bxg6+ hxg6 18. Qxg6+ Kf8 19. Ng5 Rxg5 20. Bxg5 Qxd4
21. Rxa4 Qxa4 22. Bxe7+ Kxe7 23. Qxg7+ Kd8 24. Qxh8+ Kc7 25. h4 Nd7 26. h5 c5
27. h6 Bxg2 28. Kxg2 Qg4+ 1/2-1/2

[Event "OLSW 1718 SK Gau-Algesheim - SV Worms 1"]
[Site "?"]
[Date "2017.12.10"]
[Round "6.1"]
[White "Nasshan, Dennis"]
[Black "Ovsejevitsch, Sergei"]
[Result "0-1"]
[WhiteElo "2343"]
[BlackElo "2606"]
[PlyCount "100"]
[EventDate "2017.??.??"]

1. d4 d5 2. c4 dxc4 3. e3 e6 4. Bxc4 Nf6 5. Nf3 c5 6. O-O Nc6 7. dxc5 Bxc5 8.
Qxd8+ Kxd8 9. Rd1+ Ke7 10. Nc3 a6 11. Be2 Bd7 12. Bd2 Rhc8 13. Rac1 Ba7 14. Be1
Be8 15. h3 Kf8 16. Nd2 Ne5 17. Nde4 Bc6 18. Nd6 Rd8 19. Nc4 Nxc4 20. Bxc4 Ke7
21. Rxd8 Rxd8 22. Rd1 Rc8 23. Bb3 g5 24. Ne2 Ne4 25. Nd4 Be8 26. Ne2 Nc5 27.
Rc1 Bd7 28. Bb4 Ke8 29. Bd1 b6 30. Nd4 a5 31. Be1 Bb8 32. Nb3 Na4 33. Rb1 Ke7
34. f3 f5 35. Kf2 h5 36. Bd2 h4 37. Nd4 Be5 38. Ke1 Nc5 39. Be2 Bg3+ 40. Kf1 e5
41. Nb5 g4 42. fxg4 fxg4 43. hxg4 Rf8+ 44. Kg1 Rf2 45. Nc3 Bc6 46. e4 Nxe4 47.
Nxe4 Rxe2 48. Bg5+ Ke6 49. Nxg3 hxg3 50. Rc1 Bd5 0-1

[Event "OLSW 1718 SK Gau-Algesheim - SV Worms 1"]
[Site "?"]
[Date "2017.12.10"]
[Round "6.2"]
[White "Kling, Felix"]
[Black "Heider, Martin"]
[Result "0-1"]
[WhiteElo "2170"]
[BlackElo "2380"]
[PlyCount "118"]
[EventDate "2017.??.??"]

1. d4 Nf6 2. Nf3 e6 3. e3 b6 4. Bd3 Bb7 5. O-O d5 6. b3 c5 7. Bb2 Bd6 8. dxc5
bxc5 9. c4 O-O 10. cxd5 exd5 11. Nc3 Nbd7 12. Rc1 Re8 13. Na4 Bc6 14. Bf5 Qe7
15. Qd3 Rab8 16. Qc3 Bxa4 17. bxa4 Ne5 18. Qc2 Nxf3+ 19. gxf3 g6 20. Bh3 c4 21.
Rb1 Be5 22. Bc3 Qd6 23. Kh1 Kg7 24. f4 Bxc3 25. Qxc3 Qc5 26. Bg2 Red8 27. Rxb8
Rxb8 28. Rd1 Qb4 29. Qxb4 Rxb4 30. Bxd5 Rxa4 31. Bc6 Rxa2 32. Rc1 Rxf2 33. Rxc4
Ng4 34. Ra4 Rxh2+ 35. Kg1 Rc2 36. Be4 Rc7 37. f5 Nxe3 38. fxg6 hxg6 39. Bf3 f5
40. Kf2 Nc4 41. Ra6 Kh6 42. Bd5 Nb6 43. Be6 Kg5 44. Ra3 Kf6 45. Ba2 g5 46. Ra5
Nc4 47. Ra4 Nd6 48. Ra6 Ke5 49. Ke3 Re7 50. Ra5+ Kf6+ 51. Kf3 g4+ 52. Kf4 Re4+
53. Kg3 Re3+ 54. Kf2 Re7 55. Ra6 Ke5 56. Kg3 Ne4+ 57. Kg2 f4 58. Ra5+ Kf6 59.
Bb1 f3+ 0-1

[Event "OLSW 1718 SK Gau-Algesheim - SV Worms 1"]
[Site "?"]
[Date "2017.12.10"]
[Round "6.3"]
[White "Ollenberger, Roland"]
[Black "Michels, Achim"]
[Result "0-1"]
[WhiteElo "2300"]
[BlackElo "2173"]
[PlyCount "80"]
[EventDate "2017.??.??"]

1. Nc3 c5 2. e4 a6 3. g3 Nc6 4. Bg2 g6 5. d3 Bg7 6. Nh3 d6 7. Nd5 e6 8. Ne3
Nge7 9. O-O d5 10. a4 Rb8 11. exd5 exd5 12. a5 Bxh3 13. Bxh3 O-O 14. Qd2 Nd4
15. Bg2 Qd7 16. Qd1 Rfd8 17. Re1 h5 18. c3 Ndc6 19. Nc2 b5 20. axb6 Rxb6 21.
Re2 Rdb8 22. Ne1 Qf5 23. Qa4 Kh7 24. Qa3 d4 25. Be4 Qg4 26. Bf3 Qf5 27. Bf4 Rc8
28. Be4 Qg4 29. f3 Qd7 30. Qxc5 dxc3 31. bxc3 Nd4 32. Qxb6 Nxe2+ 33. Kg2 Nxf4+
34. gxf4 Bxc3 35. Rb1 Bxe1 36. Rxe1 Rc2+ 37. Kh1 Qh3 38. Qg1 Nf5 39. d4 Rd2 40.
d5 h4 0-1

[Event "OLSW 1718 SK Gau-Algesheim - SV Worms 1"]
[Site "?"]
[Date "2017.12.10"]
[Round "6.4"]
[White "Karsay, Pascal"]
[Black "Dausch, Rene"]
[Result "0-1"]
[WhiteElo "2139"]
[BlackElo "2259"]
[PlyCount "58"]
[EventDate "2017.??.??"]

1. e4 c5 2. Nf3 Nc6 3. Nc3 g6 4. d4 cxd4 5. Nxd4 Bg7 6. Be3 Nf6 7. Bc4 d6 8. f3
Qb6 9. Nf5 Qxb2 10. Nxg7+ Kf8 11. Nd5 Nxd5 12. Qxd5 Ne5 13. O-O Nxc4 14. Bd4
Qb4 15. Rab1 Qa4 16. f4 Qc6 17. Qg5 e5 18. fxe5 dxe5 19. Qd8+ Kxg7 20. Rxf7+
Kxf7 21. Qxh8 Qxe4 22. Bc5 b6 23. Qxh7+ Ke6 24. Rd1 bxc5 25. Qg8+ Kf6 26. Qf8+
Kg5 27. Qd8+ Kh5 28. Qh8+ Kg4 29. Rf1 Qxg2+ 0-1

[Event "OLSW 1718 SK Gau-Algesheim - SV Worms 1"]
[Site "?"]
[Date "2017.12.10"]
[Round "6.5"]
[White "Steinkohl, Thomas"]
[Black "Brueckner, Eike"]
[Result "1-0"]
[WhiteElo "2202"]
[BlackElo "2066"]
[PlyCount "43"]
[EventDate "2017.??.??"]

1. e4 c5 2. Nf3 d6 3. d4 cxd4 4. Nxd4 Nf6 5. Nc3 a6 6. Bc4 e6 7. Bb3 Be7 8. O-O
O-O 9. f4 Nc6 10. Kh1 Qc7 11. f5 Nxd4 12. Qxd4 exf5 13. exf5 b5 14. Nd5 Nxd5
15. Bxd5 Rb8 16. f6 Bxf6 17. Rxf6 gxf6 18. Bh6 Qxc2 19. Bxf8 Kxf8 20. Qxf6 Qg6
21. Qd8+ Kg7 22. Qc7 1-0

[Event "OLSW 1718 SK Gau-Algesheim - SV Worms 1"]
[Site "?"]
[Date "2017.12.10"]
[Round "6.6"]
[White "Frede, Lennart"]
[Black "Helbig, Daniel"]
[Result "1-0"]
[WhiteElo "2148"]
[BlackElo "2174"]
[PlyCount "61"]
[EventDate "2017.??.??"]

1. e4 c5 2. Nc3 Nc6 3. Nf3 d6 4. Bb5 Bd7 5. O-O g6 6. d3 Bg7 7. Bf4 Nd4 8.
Bxd7+ Qxd7 9. Re1 e5 10. Bd2 Ne7 11. Nxd4 cxd4 12. Ne2 O-O 13. c3 Qb5 14. cxd4
exd4 15. Qb3 Qa6 16. Bb4 Rfd8 17. Qa3 Qb5 18. Bxd6 Nc6 19. Nf4 Qg5 20. Nd5 Rd7
21. Bf4 Qd8 22. Rac1 h5 23. b4 Bf8 24. Qb3 g5 25. Bc7 Rxc7 26. Nxc7 Ne5 27.
Nxa8 Qxa8 28. Red1 Qd8 29. Qd5 Qf6 30. Rc8 Kg7 31. Qd8 1-0

[Event "OLSW 1718 SK Gau-Algesheim - SV Worms 1"]
[Site "?"]
[Date "2017.12.10"]
[Round "6.7"]
[White "Dauenheimer, Torsten"]
[Black "Bauer, Bjoern-Benny"]
[Result "0-1"]
[WhiteElo "2187"]
[BlackElo "2223"]
[PlyCount "66"]
[EventDate "2017.??.??"]

1. c4 e5 2. Nc3 Nf6 3. Nf3 Nc6 4. d4 e4 5. d5 exf3 6. dxc6 bxc6 7. exf3 Be7 8.
Bd3 O-O 9. O-O d5 10. Ne2 Nd7 11. Qc2 h6 12. cxd5 cxd5 13. Qc6 Rb8 14. Bf4 Rxb2
15. Bxc7 Qe8 16. Qxd5 Nc5 17. Nf4 Bb7 18. Qf5 Nxd3 19. Qxd3 Qa4 20. Be5 Ba6 21.
Qe3 Rb5 22. Rfd1 Bg5 23. Rd4 Qxa2 24. Rdd1 Qc4 25. h4 Rxe5 26. Qxe5 Bxf4 27.
Qe4 Bb8 28. Qe7 Rc8 29. Rd8+ Kh7 30. Rxc8 Bxc8 31. Rd1 Be6 32. g3 Qe2 33. Rd8
Qe1+ 0-1

[Event "OLSW 1718 Gambit Saarbrücken - SC Heimb"]
[Site "?"]
[Date "2017.12.10"]
[Round "6.1"]
[White "Winterberg, Lukas"]
[Black "Muller, Etienne"]
[Result "1-0"]
[WhiteElo "2384"]
[BlackElo "2146"]
[PlyCount "63"]
[EventDate "2017.??.??"]

1. d4 Nf6 2. c4 e6 3. Nf3 Bb4+ 4. Bd2 a5 5. g3 d6 6. Bg2 Nbd7 7. O-O e5 8. Bxb4
axb4 9. e3 O-O 10. Ne1 Nb6 11. b3 e4 12. Nc2 c5 13. a3 Bg4 14. Qc1 Be2 15. Re1
Bxc4 16. dxc5 dxc5 17. bxc4 b3 18. Nd2 b2 19. Qxb2 Qxd2 20. Qxb6 Qxc2 21. Rec1
Qd2 22. Qxc5 Ra5 23. Qb4 Rd8 24. Rab1 h5 25. c5 Ng4 26. Qxd2 Rxd2 27. Rxb7 Rxa3
28. c6 Rxf2 29. c7 Rxg2+ 30. Kxg2 Ra2+ 31. Kg1 Nxh2 32. c8=Q+ 1-0